| 000 | 00961cam a2200265 4500 | ||
|---|---|---|---|
| 001 | ABS61868 | ||
| 008 | 000000n2000 000 0 eng u | ||
| 035 | _a(Sirsi) u104429 | ||
| 100 | _aBarnes, R. | ||
| 245 | _aWithout a safety net | ||
| 260 | _c2000 | ||
| 490 |
_aBuilding _v7 18 February 2000 68-69(1) |
||
| 520 | _aExplains the importance of including a net contribution clause in contracts in order to restrict liability for damages to the amount for which each party is liable. | ||
| 590 | _aABS | ||
| 650 | _aBUILT ENVIRONMENT-BUILDING CONTRACT FORMS | ||
| 650 | _aBREACH OF CONTRACT | ||
| 650 | _aNET CONTRIBUTION CLAUSES | ||
| 650 | _aCIVIL LIABILITY (CONTRIBUTION) ACT 1978 | ||
| 650 |
_aInsolvency _96247 |
||
| 650 | _aINSURANCE PROVISIONS | ||
| 650 | _aLIABILITY | ||
| 650 | _aBUILT ENVIRONMENT-BUILDING CONTRACT FORMS-CONSTRUCTION COLLATERAL WARRANTY FORMS | ||
| 690 | _aBUILT ENVIRONMENT-BUILDING CONTRACT FORMS | ||
| 942 | _n0 | ||
| 999 |
_c62651 _d62651 |
||